000
00300nam a22001337a 4500
008
181009b xxu||||| |||| 00| 0 eng d
020
_a
9780199275373
041
_a
eng
080
_2
3rd
_a
573
100
_a
11
101
_a
BIO
245
_a
Principles of Development
_c
Wolpert,L
942
_2
udc
_c
BK
999
_c
49098
_d
49098